| 000 | 00513nam a2200169Ia 4500 | ||
|---|---|---|---|
| 008 | 240729s9999 xx 000 0 und d | ||
| 022 | _a2187-0616 | ||
| 245 | 0 | _aIAFOR Journal of Arts & Humanities | |
| 260 | _aJapan | ||
| 260 | _bThe International Academic Forum | ||
| 650 | _a Arts in general | General Works | ||
| 650 | _a History of scholarship and learning. The humanities | ||
| 650 | _aFine Arts | ||
| 856 | _uhttps://doaj.org/toc/7939ded2106c4b05bc32a6e49d96bee5 | ||
| 942 | _2ddc | ||
| 942 | _cDOAJEJ | ||
| 999 |
_c66388 _d66388 |
||
| 945 |
_a1 _bMadushi Gamage _c1 _dMadushi Gamage |
||